Lenguaje musical 2: libro del alumno
Bewaard in:
| Hoofdauteur: | |
|---|---|
| Formaat: | Boek |
| Taal: | Spaans |
| Gepubliceerd in: |
Valencia
Piles, Editorial de Música
1994
|
| Onderwerpen: | |
| Tags: |
Voeg label toe
Geen labels, Wees de eerste die dit record labelt!
|
MARC
| LEADER | 00000nam a2200000 a 4500 | ||
|---|---|---|---|
| 001 | UCN4569 | ||
| 003 | CL-VaPUC | ||
| 008 | 010803e19940000SP |||||||||||||||||spa|d | ||
| 082 | 0 | 4 | |a 372.87 |b SAR |2 21 |
| 100 | 0 | |a Sarget Ros, María Angeles |e author |9 460991 | |
| 245 | 1 | 0 | |a Lenguaje musical 2: libro del alumno |
| 300 | |a 93 p | ||
| 942 | |c BK | ||
| 945 | |d 20010803 00:00:00 |a crobeson | ||
| 260 | |a Valencia |b Piles, Editorial de Música |c 1994 | ||
| 500 | |a Metodología acorde con la L.O.G.S.E | ||
| 650 | 7 | |a MUSICA PARA NIÑOS PARTITURAS |2 CL-VaPUC |9 460992 | |
| 650 | 7 | |a LECTURA Y EJECUCION DE PARTITURAS |2 CL-VaPUC |9 460993 | |
| 583 | |a last modification |c 20010803 00:00:00 |k Rodrigo Vera | ||
| 999 | |c 296737 |d 296735 | ||
| 952 | |0 0 |1 0 |4 0 |6 372_870000000000000_SAR_1994 |7 0 |8 A |9 350837 |a BIBEDU |b BIBEDU |d 2019-11-20 |i 3047067 |o 372.87 SAR 1994 |p 3047067 |r 2023-01-12 |w 2019-11-20 |y BK |k MUS | ||